[Event "AUTO-ELITE-1168"]
[Site "http://www.queenalice.com/game.php?id=1191433"]
[Date "2013.6.16"]
[Round "1"]
[White "makibaque"]
[Black "ylisavbots"]
[Result "1/2-1/2"]
[WhiteElo "2429"]
[BlackElo "2476"]

1. d4 d5 2. Nf3 Nf6 3. c4 e6 4. g3 c6 5. Nc3 dxc4 6. Bg2 Nd5 7. e4 Nxc3 8. bxc3
Qa5 9. Bd2 Nd7 10. Qe2 Qa4 11. O-O Be7 12. d5 e5 13. Rfd1 O-O 14. Be3 cxd5 15.
exd5 Ba3 16. d6 Rd8 17. Nd2 Nf6 18. Qxc4 Qe8 19. Rab1 Be6 20. Qe2 Bg4 21. Bf3
Bxf3 22. Qxf3 Bxd6 23. Rxb7 e4 24. Qe2 Nd5 25. Bd4 Bc5 26. Qxe4 Qxe4 27. Nxe4
Nxc3 28. Nxc3 Bxd4 29. Rc7 g6 30. Rc4 Bg7 31. Nd5 Kf8 32. Kg2 Rd6 33. Nc3 Ra6
34. Rd2 Ra3 35. Nd5 Rd8 36. Re2 Ba1 37. Nc7 Rad3 38. Rcc2 a5 39. Na6 Bf6 40. Nc5
1/2-1/2

[Event "AUTO-ELITE-1103"]
[Site "http://www.queenalice.com/game.php?id=1195573"]
[Date "2013.6.30"]
[Round "2"]
[White "trompmaster"]
[Black "ylisavbots"]
[Result "0-1"]
[WhiteElo "2349"]
[BlackElo "2486"]

1. d4 Nf6 2. Nf3 d5 3. e3 Bg4 4. h3 Bxf3 5. Qxf3 c6 6. Be2 e6 7. c4 Bb4+ 8. Bd2
Bxd2+ 9. Nxd2 O-O 10. a3 Nbd7 11. g4 Nb6 12. b3 Re8 13. c5 Nbd7 14. g5 Ne4 15.
Nxe4 dxe4 16. Qxe4 Qxg5 17. h4 Qe7 18. h5 e5 19. h6 g6 20. Rd1 Rad8 21. b4 Kf8
22. Qc2 Nf6 23. dxe5 Qxe5 24. Rh4 Rxd1+ 25. Qxd1 Ne4 26. Qd7 g5 27. Rh3 Qa1+ 28.
Bd1 Qc3+ 29. Kf1 Qf6 30. Bf3 Rd8 31. Qg4 Rd1+ 32. Kg2 Nxf2 33. Kxf2 Rd2+ 34. Ke1
Qc3 35. Qh5 Qxe3+ 36. Be2 Rxe2+ 37. Qxe2 Qxh3 38. Kd2 Qxh6 39. Qg4 Kg7 40. Kd1
Qf6 41. Qd7 h5 42. Qxb7 h4 43. Qc7 h3 44. Qg3 h2 0-1

[Event "AUTO-ELITE-1103"]
[Site "http://www.queenalice.com/game.php?id=1195574"]
[Date "2013.6.30"]
[Round "2"]
[White "ylisavbots"]
[Black "trompmaster"]
[Result "1-0"]
[WhiteElo "2470"]
[BlackElo "2351"]

1. e4 d6 2. d4 Nf6 3. Bd3 e5 4. c3 d5 5. dxe5 Nxe4 6. Nf3 Nc6 7. O-O Be7 8. Nbd2
Nc5 9. Bb1 a5 10. Re1 a4 11. Nf1 Bg4 12. Ne3 Be6 13. Nd4 g6 14. f4 Rg8 15. Nb5
Kf8 16. Nd4 Nxd4 17. cxd4 Ne4 18. Bxe4 dxe4 19. d5 Bf5 20. Bd2 a3 21. b3 Bc5 22.
Rc1 Qe7 23. Bc3 Bxe3+ 24. Rxe3 Rd8 25. d6 cxd6 26. Bb4 Qe6 27. exd6 Kg7 28. Bxa3
f6 29. h3 h5 30. Rc7+ Rd7 31. Qd4 Rd8 32. Qb4 Qd5 33. Re2 Qd3 34. Kf2 h4 35.
Rxb7 Qg3+ 36. Kg1 Qxf4 37. Rxd7+ Rxd7 38. Qd4 Rd8 39. Bb4 Rd7 40. Re3 Qh6 41. a4
Qh8 42. a5 Qa8 43. Rc3 Qa7 44. Rc5 Qb8 45. Rc6 Rf7 46. Rb6 Qa8 47. Bc3 Bd7 48.
b4 g5 49. b5 Qa7 50. Qxe4 Bc8 51. Bd4 Qd7 52. a6 g4 53. Rb8 Qf5 54. Qxg4+ Qxg4
55. hxg4 Bxg4 56. a7 1-0

[Event "AUTO-ELITE-1087"]
[Site "http://www.queenalice.com/game.php?id=1199948"]
[Date "2013.7.15"]
[Round "2"]
[White "ylisavbots"]
[Black "plonius"]
[Result "0-1"]
[WhiteElo "2475"]
[BlackElo "2763"]

1. d4 Nf6 2. c4 g6 3. Nc3 Bg7 4. e4 d6 5. Nf3 O-O 6. h3 e5 7. d5 a5 8. Bg5 h6 9.
Be3 Na6 10. a3 Nh5 11. Qd2 Nc5 12. Rd1 a4 13. Bxh6 f5 14. Bxg7 Kxg7 15. Qe3 fxe4
16. Ng5 Bf5 17. g3 Nf6 18. Be2 Qe7 19. g4 Bd7 20. O-O Rae8 21. Kg2 c6 22. Kg1
cxd5 23. cxd5 Rh8 24. f3 exf3 25. Bxf3 b6 26. Rd2 Nh7 27. Nge4 Nf6 28. Nxc5 bxc5
29. Bd1 Nh7 30. Rh2 Rb8 0-1

[Event "AUTO-ELITE-1087"]
[Site "http://www.queenalice.com/game.php?id=1199949"]
[Date "2013.7.15"]
[Round "2"]
[White "plonius"]
[Black "ylisavbots"]
[Result "1-0"]
[WhiteElo "2765"]
[BlackElo "2473"]

1. d4 Nf6 2. c4 e6 3. Nc3 Bb4 4. Nf3 b6 5. e3 Bxc3+ 6. bxc3 Bb7 7. Bd3 O-O 8.
O-O d6 9. Nd2 Qd7 10. f4 Rd8 11. e4 e5 12. Ba3 c5 13. fxe5 dxe5 14. d5 Qd6 15.
Nf3 Bc8 16. Bc1 Bg4 17. Qe1 Bh5 18. Nxe5 Qxe5 19. Bf4 Qe7 20. e5 Nbd7 21. Qh4
Bg6 22. exf6 Nxf6 23. Rae1 Qd7 24. Bxg6 fxg6 25. Bg5 Rf8 26. Bxf6 Rxf6 27. Rxf6
gxf6 28. Qxf6 1-0

[Event "AUTO-ELITE-940"]
[Site "http://www.queenalice.com/game.php?id=1208976"]
[Date "2013.8.17"]
[Round "2"]
[White "RenverKestak"]
[Black "ylisavbots"]
[Result "1-0"]
[WhiteElo "2569"]
[BlackElo "2455"]

1. c4 c6 2. d4 d5 3. Nf3 Nf6 4. e3 g6 5. Nc3 Bg7 6. Bd3 O-O 7. O-O Be6 8. b3 c5
9. Ba3 Qa5 10. cxd5 Bg4 11. Na4 b5 12. h3 Bc8 13. e4 bxa4 14. dxc5 Rd8 15. Rc1
Qc7 16. bxa4 Nbd7 17. c6 Ne5 18. Nxe5 Qxe5 19. c7 Re8 20. f4 Qd4+ 21. Kh2 a6 22.
Bc5 Qb2 23. Qb3 Nd7 24. Ba3 1-0

[Event "AUTO-ELITE-940"]
[Site "http://www.queenalice.com/game.php?id=1208977"]
[Date "2013.8.17"]
[Round "2"]
[White "ylisavbots"]
[Black "RenverKestak"]
[Result "0-1"]
[WhiteElo "2461"]
[BlackElo "2562"]

1. Nf3 d5 2. g3 c5 3. Bg2 Nc6 4. d4 Nf6 5. O-O e6 6. c3 Bd6 7. c4 O-O 8. cxd5
exd5 9. Nc3 Be6 10. dxc5 Bxc5 11. Na4 Be7 12. Be3 Qd7 13. Rc1 Rac8 14. Nc5 Bxc5
15. Bxc5 Rfe8 16. Bd4 Ne4 17. Be3 Nf6 18. Bg5 Ne4 19. Be3 Nf6 20. a3 Bh3 21. Qd2
h6 22. Rfd1 a6 23. b4 Qe6 0-1